[Event "Lucky op 2nd"]
[Site "Hamburg"]
[Date "1999.10.21"]
[Round "8"]
[White "Hoos, Martin"]
[Black "Michaelsen, Jan"]
[Result "1-0"]
[WhiteElo "1636"]
[BlackElo "1129"]
[PlyCount "121"]
[EventDate "1999.10.??"]
[EventType "swiss"]
[EventRounds "9"]
[EventCountry "GER"]
[SourceTitle "EXT 2001"]
[Source "ChessBase"]
[SourceDate "2000.11.22"]
[SourceVersion "1"]
[SourceVersionDate "2000.11.22"]
[SourceQuality "1"]

1. d4 Nf6 2. c4 g6 3. Nf3 Bg7 4. Nc3 d6 5. Bf4 0-0 6. e4 Nbd7 7. Be2 Nh5 8. Qd2 Nxf4 9. Qxf4 e5 10. Qd2 Re8 11. d5 a5 12. 0-0 Nc5 13. Ne1 Qh4 14. Bf3 Bh6 15. Qe2 f5 16. g3 Qf6 17. exf5 gxf5 18. a3 Re7 19. Bh1 Rg7 20. Ng2 f4 21. b4 Bf5 22. Qd1 Ne4 23. Nxe4 Bxe4 24. Ne1 Bxh1 25. Kxh1 e4 26. Rb1 Rf8 27. Ng2 f3 28. Ne1 Qf5 29. Qc2 Rg5 30. Rb3 Rh5 31. Nxf3 exf3 32. Qxf5 Rhxf5 33. bxa5 Rb8 34. Re1 Re5 35. Rxe5 dxe5 36. Rxf3 Ra8 37. Rb3 Ra7 38. c5 Rxa5 39. Rxb7 Rxc5 40. a4 Rxd5 41. Rxc7 Ra5 42. Rc4 Kf7 43. Kg2 Ke6 44. Rc6+ Kd5 45. Rxh6 Rxa4 46. Rxh7 Ra2 47. Re7 e4 48. h4 Ra6 49. g4 Kd4 50. h5 Rf6 51. g5 Rf5 52. Rg7 Kd3 53. h6 Ke2 54. h7 Rxf2+ 55. Kg3 Rf3+ 56. Kg4 Kf2 57. h8Q Rg3+ 58. Kf5 e3 59. Qh2+ Rg2 60. Qxg2+ Kxg2 61. Re7 1-0

[Event "Lucky op 2nd"]
[Site "Hamburg"]
[Date "1999.10.20"]
[Round "7"]
[White "Hoos, Martin"]
[Black "Mueller, Julian"]
[Result "0-1"]
[WhiteElo "1636"]
[BlackElo "1375"]
[PlyCount "88"]
[EventDate "1999.10.??"]
[EventType "swiss"]
[EventRounds "9"]
[EventCountry "GER"]
[SourceTitle "EXT 2001"]
[Source "ChessBase"]
[SourceDate "2000.11.22"]
[SourceVersion "1"]
[SourceVersionDate "2000.11.22"]
[SourceQuality "1"]

1. d4 Nf6 2. c4 g6 3. Nf3 Bg7 4. Nc3 d6 5. Bf4 Nbd7 6. e3 0-0 7. Bd3 Re8 8. 0-0 h6 9. Qc2 e5 10. Bg3 Nh5 11. dxe5 Nxg3 12. fxg3 Nxe5 13. Nxe5 Rxe5 14. Rf3 Qe8 15. Nd5 Qd8 16. Raf1 Be6 17. Nf6+ Bxf6 18. Rxf6 Qd7 19. Bxg6 fxg6 20. Qxg6+ Qg7 21. Rxe6 Qxg6 22. Rxg6+ Kh7 23. Rgf6 Rxe3 24. Rf7+ Kg8 25. Rxc7 Rb8 26. Kf2 Rbe8 27. Rxb7 Re2+ 28. Kg1 Rc2 29. Rbf7 Rxb2 30. R7f2 Rb4 31. Rc2 Rc8 32. Rfc1 Rb6 33. Kf2 Rbc6 34. Ke3 Rc5 35. Kd3 Rh5 36. h3 Ra5 37. g4 Ra3+ 38. Kd4 Rd8 39. Rf2 Ra4 40. Kd5 Ra5+ 41. Ke6 Re5+ 42. Kf6 Rf8+ 43. Kg6 Re6+ 44. Kh5 Rxf2 0-1